[Event "GER-ch Net Amateur Gr-C Final"]
[Site "Playchess.com INT"]
[Date "2020.04.18"]
[Round "10"]
[White "Grunwald, Guenther"]
[Black "Bone, Karin"]
[Result "1-0"]
[WhiteElo "1481"]
[BlackElo "1310"]
[PlyCount "69"]
[EventDate "2020.04.18"]
[EventType "swiss (blitz)"]
[EventRounds "13"]
[EventCountry "GER"]
[SourceTitle "CBM 195 Extra"]
[Source "ChessBase"]
[SourceDate "2020.05.31"]
[SourceVersion "1"]
[SourceVersionDate "2020.05.31"]
[SourceQuality "1"]

1. e4 e5 2. Nf3 Nc6 3. Bc4 Bc5 4. c3 Nf6 5. d3 d6 6. b4 Bb6 7. a4 Ng4 8. 0-0 Be6 9. Bxe6 fxe6 10. d4 exd4 11. cxd4 0-0 12. a5 Nxb4 13. axb6 cxb6 14. Qb3 a5 15. Qxe6+ Kh8 16. Qxg4 Nd3 17. Bg5 Qc7 18. Nbd2 Qc3 19. Rfc1 Qb4 20. Rcb1 Qc3 21. Be3 Rac8 22. Qh4 h6 23. Qe7 Rfe8 24. Qxd6 Rxe4 25. Nxe4 Rc6 26. Qd8+ Kh7 27. h3 Re6 28. Qd5 Re7 29. Qf5+ g6 30. Qf8 Rxe4 31. Qf7+ Kh8 32. Rd1 Nb4 33. Rac1 Qa3 34. Rc8+ Re8 35. Rxe8# 1-0

[Event "GER-ch Net Amateur Gr-C Final"]
[Site "Playchess.com INT"]
[Date "2020.04.18"]
[Round "8"]
[White "Grunwald, Guenther"]
[Black "Rotteveel, Guenther"]
[Result "0-1"]
[WhiteElo "1481"]
[BlackElo "1489"]
[PlyCount "46"]
[EventDate "2020.04.18"]
[EventType "swiss (blitz)"]
[EventRounds "13"]
[EventCountry "GER"]
[SourceTitle "CBM 195 Extra"]
[Source "ChessBase"]
[SourceDate "2020.05.31"]
[SourceVersion "1"]
[SourceVersionDate "2020.05.31"]
[SourceQuality "1"]

1. e4 e5 2. Nf3 Nc6 3. Bc4 Bc5 4. c3 d6 5. b4 Bb6 6. a4 a6 7. 0-0 Nf6 8. d3 0-0 9. Re1 Be6 10. Bxe6 fxe6 11. Qb3 Qd7 12. c4 Ne7 13. Ng5 h6 14. Nxe6 Qxe6 15. a5 Bd4 16. Bb2 Bxb2 17. Qxb2 Qg4 18. f3 Qg5 19. Nd2 Nh5 20. Nf1 Nf4 21. Ng3 h5 22. Qb3 Kh8 23. c5 h4 0-1

[Event "GER-ch Net Amateur Gr-C Final"]
[Site "Playchess.com INT"]
[Date "2020.04.18"]
[Round "4"]
[White "Guntermann, Erik"]
[Black "Grunwald, Guenther"]
[Result "1-0"]
[WhiteElo "1579"]
[BlackElo "1481"]
[PlyCount "101"]
[EventDate "2020.04.18"]
[EventType "swiss (blitz)"]
[EventRounds "13"]
[EventCountry "GER"]
[SourceTitle "CBM 195 Extra"]
[Source "ChessBase"]
[SourceDate "2020.05.31"]
[SourceVersion "1"]
[SourceVersionDate "2020.05.31"]
[SourceQuality "1"]

1. e4 e5 2. Nf3 Nc6 3. Bc4 Be7 4. Nc3 Nf6 5. d3 d6 6. Ng5 0-0 7. f4 a6 8. h3 b5 9. Bb3 Na5 10. 0-0 Nxb3 11. axb3 h6 12. Nf3 Nd7 13. Be3 Bf6 14. f5 Nb6 15. Bxb6 cxb6 16. Nd5 Bb7 17. Nxf6+ Qxf6 18. Qd2 Rfc8 19. c3 d5 20. Qe3 Rd8 21. Rfe1 d4 22. Qd2 dxc3 23. bxc3 Rd7 24. Rac1 Rad8 25. Re3 Qe7 26. Rd1 f6 27. Re2 Qc5+ 28. d4 exd4 29. cxd4 Qe7 30. Qe3 Re8 31. d5 Bxd5 32. Qxb6 Bxe4 33. Rde1 Rd6 34. Qc5 Rd5 35. Qe3 Rd3 36. Qxe4 Qxe4 37. Rxe4 Rxe4 38. Rxe4 Rxb3 39. Re7 a5 40. Ra7 a4 41. Nd4 Rb2 42. Nxb5 Rxb5 43. Rxa4 Rxf5 44. Ra7 Re5 45. Kh2 Kh7 46. g4 Kg6 47. Kg3 h5 48. Rb7 hxg4 49. hxg4 Re3+ 50. Kf4 Rc3 51. Re7 1-0

[Event "GER-ch Net Amateur Gr-C Vor3"]
[Site "Playchess.com INT"]
[Date "2020.04.16"]
[Round "8"]
[White "Grunwald, Guenther"]
[Black "Lang, Dirk"]
[Result "1-0"]
[WhiteElo "1461"]
[BlackElo "1238"]
[PlyCount "101"]
[EventDate "2020.04.16"]
[EventType "swiss (blitz)"]
[EventRounds "9"]
[EventCountry "GER"]
[SourceTitle "CBM 195 Extra"]
[Source "ChessBase"]
[SourceDate "2020.05.31"]
[SourceVersion "1"]
[SourceVersionDate "2020.05.31"]
[SourceQuality "1"]

1. e4 e6 2. d3 d5 3. exd5 exd5 4. Nf3 Nf6 5. Be2 Bb4+ 6. c3 Bd6 7. d4 0-0 8. 0-0 c5 9. Be3 cxd4 10. Bxd4 Nc6 11. Bxf6 Qxf6 12. Qxd5 Bd7 13. Qg5 Qxg5 14. Nxg5 Rae8 15. Bd3 Ne5 16. Bxh7+ Kh8 17. Bc2 Ng4 18. h3 Nf6 19. Bb3 Bb5 20. Nxf7+ Rxf7 21. Bxf7 Re7 22. c4 Ba6 23. Bd5 Nxd5 24. cxd5 Bxf1 25. Kxf1 Bb4 26. Nc3 g5 27. Re1 Kg8 28. Rxe7 Bxe7 29. Nb5 a6 30. d6 Bd8 31. Nc7 Kf7 32. Ke2 Kf6 33. Kd3 Ke5 34. Ne8 b5 35. b3 Ke6 36. a4 bxa4 37. bxa4 Kd7 38. Ng7 Kxd6 39. Nf5+ Kc5 40. Kc3 a5 41. Kb3 Bf6 42. Ng3 Bd4 43. Ne4+ Kd5 44. Nxg5 Bxf2 45. Nf3 Ke4 46. Kc4 Kf4 47. Kb5 Kg3 48. Kxa5 Kxg2 49. Ng5 Kg3 50. Kb5 Be1 51. a5 1-0

[Event "GER-ch Net Amateur Gr-C Vor2"]
[Site "Playchess.com INT"]
[Date "2020.04.15"]
[Round "4"]
[White "Grave, Lukas"]
[Black "Grunwald, Guenther"]
[Result "1-0"]
[WhiteElo "1491"]
[BlackElo "1462"]
[PlyCount "109"]
[EventDate "2020.04.15"]
[EventType "swiss (blitz)"]
[EventRounds "9"]
[EventCountry "GER"]
[SourceTitle "CBM 196 Extra"]
[Source "ChessBase"]
[SourceDate "2020.07.31"]
[SourceVersion "1"]
[SourceVersionDate "2020.07.31"]
[SourceQuality "1"]

1. e4 e5 2. Nf3 Nc6 3. Bc4 Be7 4. d4 d6 5. dxe5 dxe5 6. Qxd8+ Bxd8 7. 0-0 Nf6 8. Nc3 0-0 9. Bg5 Bg4 10. Be2 Bxf3 11. Bxf3 Nd4 12. Bxf6 Nxf3+ 13. gxf3 Bxf6 14. Nd5 c6 15. Nxf6+ gxf6 16. h3 Rad8 17. Rad1 Kg7 18. Kh2 Kh6 19. Rg1 Rxd1 20. Rxd1 Kg5 21. Kg3 f5 22. Rd7 fxe4 23. fxe4 Rb8 24. Rxf7 Kg6 25. Re7 Kf6 26. Rxh7 a6 27. Kg4 Kg6 28. Rh5 Re8 29. h4 b5 30. Rf5 Re6 31. h5+ Kh6 32. Rf8 c5 33. Rd8 Rf6 34. Rd5 Rf4+ 35. Kg3 Rxe4 36. Rxc5 Re2 37. b4 Kxh5 38. Rc6 Rd2 39. Rxa6 Rxc2 40. Ra5 Kg6 41. Rxb5 Kf5 42. a4 Ra2 43. a5 Ra4 44. Kf3 Ra3+ 45. Ke2 Kf4 46. Rb8 Ra2+ 47. Ke1 Ke4 48. Rd8 Rb2 49. a6 Rxb4 50. a7 Ra4 51. a8Q+ Rxa8 52. Rxa8 Kd3 53. Ra4 e4 54. Ra3+ Kc2 55. Re3 1-0

[Event "GER-ch Net Amateur Gr-C Vor1"]
[Site "Playchess.com INT"]
[Date "2020.04.14"]
[Round "6"]
[White "Heiligtag, Matthias"]
[Black "Grunwald, Guenther"]
[Result "1-0"]
[WhiteElo "1534"]
[BlackElo "1620"]
[PlyCount "65"]
[EventDate "2020.04.14"]
[EventType "swiss (blitz)"]
[EventRounds "9"]
[EventCountry "GER"]
[SourceTitle "CBM 196 Extra"]
[Source "ChessBase"]
[SourceDate "2020.07.31"]
[SourceVersion "1"]
[SourceVersionDate "2020.07.31"]
[SourceQuality "1"]

1. e4 e5 2. Nf3 Nc6 3. Bc4 Be7 4. d4 d6 5. dxe5 dxe5 6. Qxd8+ Bxd8 7. Bb5 f6 8. 0-0 Nge7 9. Nc3 0-0 10. Bc4+ Kh8 11. Be3 a6 12. Rad1 b5 13. Bd5 Nxd5 14. Nxd5 Be6 15. Rd2 Bxd5 16. exd5 Nb4 17. a3 Na2 18. Ra1 Be7 19. Rxa2 Bd6 20. b3 h6 21. c4 bxc4 22. bxc4 f5 23. c5 Be7 24. Nxe5 f4 25. Bd4 Bg5 26. Ng6+ Kg8 27. Nxf8 Rxf8 28. d6 cxd6 29. cxd6 Rd8 30. Bb6 Rd7 31. Rac2 f3 32. Rd3 fxg2 33. Rc7 1-0

[Event "Gelsenkirchen Silvester op 5th"]
[Site "Gelsenkirchen"]
[Date "2017.12.29"]
[Round "4"]
[White "Hart, Theo"]
[Black "Grunwald, Guenther"]
[Result "1-0"]
[WhiteElo "1818"]
[BlackElo "1482"]
[PlyCount "42"]
[EventDate "2017.12.27"]
[EventType "swiss"]
[EventRounds "5"]
[EventCountry "GER"]
[SourceTitle "CBM 182 Extra"]
[Source "ChessBase"]
[SourceDate "2018.02.23"]
[SourceVersion "1"]
[SourceVersionDate "2018.02.23"]
[SourceQuality "1"]

1. d4 d5 2. Nf3 Nf6 3. e3 e6 4. c4 c6 5. Nc3 Be7 6. Bd3 Na6 7. a3 Nc7 8. 0-0 0-0 9. e4 dxe4 10. Nxe4 Re8 11. Qe2 Nxe4 12. Qxe4 f5 13. Qe2 Bf6 14. Bf4 g5 15. Be5 g4 16. Bxf6 Qxf6 17. Ne5 Rd8 18. Qe3 Ne8 19. f3 h5 20. fxg4 hxg4 21. Qf4 Qg7 1-0

[Event "GER-chT Betriebe 17th"]
[Site "Berlin"]
[Date "2017.11.04"]
[Round "5.2"]
[White "Grunwald, Guenther"]
[Black "Meseck, Klaus"]
[Result "0-1"]
[WhiteElo "1611"]
[BlackElo "1731"]
[PlyCount "77"]
[EventDate "2017.11.02"]
[EventType "team-swiss"]
[EventRounds "7"]
[EventCountry "GER"]
[SourceTitle "EXT 2020"]
[Source "ChessBase"]
[SourceDate "2019.10.17"]
[SourceVersion "1"]
[SourceVersionDate "2019.10.17"]
[SourceQuality "1"]
[WhiteTeam "Oberhausen Deutsche Bahn"]
[BlackTeam "Berlin Telestern"]
[WhiteTeamCountry "GER"]
[BlackTeamCountry "GER"]

1. e4 c5 2. c3 Nc6 3. d4 cxd4 4. cxd4 d5 5. e5 e6 6. Nc3 a6 7. Nf3 Bb4 8. Be2 Bd7 9. 0-0 Nge7 10. Bd3 Ng6 11. a3 Be7 12. b4 b5 13. Be3 Nh4 14. Nxh4 Bxh4 15. Qg4 g6 16. g3 Be7 17. Qd1 f5 18. f4 g5 19. Qh5+ Kf8 20. fxg5 Be8 21. Qh6+ Kg8 22. Ne2 Bg6 23. Qh4 h6 24. Qf4 hxg5 25. Qf3 Bh5 26. Qf2 Bg4 27. Rfc1 Qe8 28. Rc3 Kg7 29. Nc1 Rc8 30. Nb3 Qh5 31. Rac1 Na7 32. Rxc8 Nxc8 33. Rc6 Bh3 34. Be2 Bg4 35. Bxg4 Qxg4 36. Qc2 f4 37. Bf2 Qh3 38. Be1 fxg3 39. Bxg3 0-1

[Event "Solingen Karneval op"]
[Site "Solingen"]
[Date "2017.02.26"]
[Round "5"]
[White "Cornelissen, Jonas"]
[Black "Grunwald, Guenther"]
[Result "1-0"]
[WhiteElo "1656"]
[BlackElo "1645"]
[PlyCount "217"]
[EventDate "2017.02.24"]
[EventType "swiss"]
[EventRounds "5"]
[EventCountry "GER"]
[SourceTitle "EXT 2018"]
[Source "ChessBase"]
[SourceDate "2017.10.13"]
[SourceVersion "1"]
[SourceVersionDate "2017.10.13"]
[SourceQuality "1"]

1. d4 d5 2. Bf4 Nf6 3. e3 e6 4. c4 c6 5. Nf3 Qa5+ 6. Nc3 Bb4 7. Qb3 Ne4 8. Rc1 0-0 9. a3 Bd6 10. Bxd6 Nxd6 11. Bd3 Ne8 12. 0-0 Nf6 13. Rfd1 a6 14. Na4 dxc4 15. Bxc4 b5 16. Nc5 bxc4 17. Rxc4 Qd8 18. Ne5 a5 19. Rdc1 Ba6 20. Nxa6 Rxa6 21. Nxc6 Nxc6 22. Rxc6 Ra8 23. Qc3 h6 24. f3 Nd5 25. Qd3 Ne7 26. R6c5 Qd6 27. Qc4 Qd8 28. Qc3 Nd5 29. Qd3 Rb8 30. e4 Nf6 31. Qc3 Qb6 32. Rc2 a4 33. Qa5 Qxa5 34. Rxa5 Ra8 35. Rac5 Rfb8 36. d5 exd5 37. exd5 Rd8 38. Rd2 Ra6 39. Rd4 Kh7 40. Kf2 Rb8 41. Rc2 Rd8 42. Rc5 Rdd6 43. Ke3 Rab6 44. Rd2 Rb3+ 45. Kf4 Ra6 46. Rcc2 Nd7 47. Rc7 Rd6 48. Rc6 Rf6+ 49. Ke4 Rxc6 50. dxc6 Nc5+ 51. Kd5 Rb5 52. Kd6 Na6 53. Rc2 Rb6 54. Kd7 Rb5 55. c7 Nxc7 56. Kxc7 Rb3 57. Kd6 Kg6 58. Ke5 f6+ 59. Ke4 Kh7 60. f4 Kg6 61. g4 h5 62. gxh5+ Kxh5 63. Rg2 Kh6 64. f5 Kh7 65. Kf4 Kg8 66. Kg4 Kf7 67. Re2 Rb7 68. Rd2 Ke7 69. Kh5 Kf7 70. h4 Re7 71. Rd5 Ra7 72. Rb5 Ke7 73. Rb4 Kd6 74. Kg6 Ke5 75. Rb5+ Ke4 76. h5 Kf4 77. h6 gxh6 78. Kxh6 Ra6 79. Kg6 Ke4 80. Rb8 Ra5 81. Re8+ Kf4 82. Kxf6 Rxf5+ 83. Ke7 Rb5 84. Ra8 Re5+ 85. Kd6 Re4 86. Rb8 Ke3 87. Rb5 Rd4+ 88. Kc5 Kd3 89. Rb4 Rd8 90. Kb5 Ra8 91. Rxa4 Rb8+ 92. Kc5 Rxb2 93. Rb4 Ra2 94. a4 Ra3 95. Kb5 Kc3 96. Rc4+ Kb3 97. Rh4 Kb2 98. Rh2+ Kc1 99. a5 Rb3+ 100. Kc6 Ra3 101. Kb6 Rb3+ 102. Ka7 Rb4 103. a6 Rb5 104. Ka8 Rb4 105. a7 Rb5 106. Rh7 Kc2 107. Rb7 Rd5 108. Rc7+ Kd3 109. Kb8 1-0

[Event "Solingen Karneval op"]
[Site "Solingen"]
[Date "2016.02.07"]
[Round "5"]
[White "Kissing, Bastian"]
[Black "Grunwald, Guenther"]
[Result "1-0"]
[WhiteElo "1854"]
[BlackElo "1664"]
[PlyCount "65"]
[EventDate "2016.02.05"]
[EventType "swiss"]
[EventRounds "5"]
[EventCountry "GER"]
[SourceTitle "EXT 2018"]
[Source "ChessBase"]
[SourceDate "2017.10.13"]
[SourceVersion "1"]
[SourceVersionDate "2017.10.13"]
[SourceQuality "1"]

1. e4 e5 2. Nf3 Nc6 3. Bb5 a6 4. Ba4 Nf6 5. 0-0 Nxe4 6. d4 b5 7. Bb3 d5 8. dxe5 Be6 9. Nbd2 Nc5 10. c3 Nxb3 11. Nxb3 Be7 12. Nbd4 Nxd4 13. Nxd4 0-0 14. Nxe6 fxe6 15. Qg4 Rf5 16. Be3 Qe8 17. f4 h5 18. Qf3 Qg6 19. h3 h4 20. Kh2 Raf8 21. Qg4 Qh5 22. Rf3 Qf7 23. Raf1 c5 24. g3 hxg3+ 25. Rxg3 g5 26. Rfg1 d4 27. cxd4 cxd4 28. Bd2 Qg6 29. h4 Kf7 30. hxg5 Rh8+ 31. Rh3 Rc8 32. Rh6 Qg7 33. Qh5+ 1-0

[Event "Dortmund Sparkassen op-B"]
[Site "Dortmund"]
[Date "2015.07.03"]
[Round "7"]
[White "Grunwald, Guenther"]
[Black "Doepper, Anna Berenice"]
[Result "1-0"]
[WhiteElo "1601"]
[BlackElo "1716"]
[PlyCount "157"]
[EventDate "2015.06.27"]
[EventType "swiss"]
[EventRounds "9"]
[EventCountry "GER"]
[SourceTitle "CBM 167 Extra"]
[Source "ChessBase"]
[SourceDate "2015.09.14"]
[SourceVersion "1"]
[SourceVersionDate "2015.09.14"]
[SourceQuality "1"]

1. e4 e6 2. d4 d5 3. e5 c5 4. c3 Qb6 5. Nf3 Nc6 6. a3 Nh6 7. Bd3 cxd4 8. cxd4 Bd7 9. Bc2 Nf5 10. Bxf5 exf5 11. Nc3 Be6 12. 0-0 0-0-0 13. b4 h6 14. Na4 Qc7 15. Bb2 Kb8 16. Rc1 Qe7 17. Qd2 Rc8 18. b5 Nd8 19. Rxc8+ Bxc8 20. b6 a6 21. Nc5 g5 22. a4 g4 23. Ne1 h5 24. Ba3 Qe8 25. Qc3 Qc6 26. a5 f4 27. Ned3 Bxc5 28. Bxc5 Ne6 29. Nb4 Qd7 30. Bd6+ Ka8 31. Nxd5 f3 32. Rc1 fxg2 33. Nc7+ Nxc7 34. Qxc7 Qxc7 35. Rxc7 Be6 36. Kxg2 h4 37. Rc5 h3+ 38. Kf1 Rg8 39. d5 Bf5 40. Rc7 Be4 41. e6 fxe6 42. dxe6 Bc6 43. Rf7 Be4 44. Rf6 Bc6 45. e7 Re8 46. Ke2 Rc8 47. Rf8 Be8 48. Bc7 g3 49. fxg3 Bb5+ 50. Ke3 Re8 51. Rxe8+ Bxe8 52. Ke4 Bd7 53. Ke5 Be8 54. Bd8 Kb8 55. Kf6 Kc8 56. Kg7 Kd7 57. Kf8 Bg6 58. Kg7 Bh5 59. Kh6 Bf7 60. Kg5 Be8 61. Kh4 Bf7 62. Kxh3 Kc6 63. e8Q+ Bxe8 64. Bg5 Kd6 65. Kg4 Ke6 66. h4 Bg6 67. h5 Bh7 68. Bh4 Kf7 69. Kg5 Kg7 70. g4 Bd3 71. Kf4 Be2 72. Kg5 Bd3 73. Bf2 Bc2 74. Kh4 Be4 75. g5 Bf5 76. Bd4+ Kf7 77. Kg3 Bc2 78. Kf4 Bd1 79. g6+ 1-0

[Event "Dortmund Sparkassen op-B"]
[Site "Dortmund"]
[Date "2015.06.30"]
[Round "4"]
[White "Grunwald, Guenther"]
[Black "Kueppers, Timo"]
[Result "1/2-1/2"]
[WhiteElo "1601"]
[BlackElo "1733"]
[PlyCount "94"]
[EventDate "2015.06.27"]
[EventType "swiss"]
[EventRounds "9"]
[EventCountry "GER"]
[SourceTitle "CBM 167 Extra"]
[Source "ChessBase"]
[SourceDate "2015.09.14"]
[SourceVersion "1"]
[SourceVersionDate "2015.09.14"]
[SourceQuality "1"]

1. e4 e5 2. Nf3 Nc6 3. Bc4 Bc5 4. c3 Nf6 5. d3 a6 6. b4 Ba7 7. 0-0 d6 8. h3 Be6 9. Bxe6 fxe6 10. Qb3 Qe7 11. Ng5 Kd7 12. a4 b5 13. Kh1 h6 14. Nf3 g5 15. Nh2 Qg7 16. g3 Raf8 17. Nd2 h5 18. axb5 a5 19. Bb2 Ng4 20. Kg2 Nxh2 21. Kxh2 Bxf2 22. Kg2 Be3 23. Qd1 Rxf1 24. Nxf1 Bb6 25. Qe2 Rf8 26. Ne3 h4 27. g4 Qg6 28. Rf1 Rxf1 29. Nxf1 Qf6 30. Bc1 Ne7 31. Qf3 Qg7 32. Qe2 Qf6 33. Nh2 Ng6 34. Nf3 Nf4+ 35. Bxf4 exf4 36. d4 c6 37. Qd3 Qg6 38. Qe2 Kc7 39. Qe1 Kb7 40. Qe2 Kc7 41. e5 d5 42. Qd2 Kb7 43. Qd1 Bd8 44. Qd2 Qb1 45. Qe1 Qd3 46. Qd2 Qxd2+ 47. Nxd2 Bb6 1/2-1/2

[Event "Bad Woerishofen op 31st"]
[Site "Bad Woerishofen"]
[Date "2015.02.27"]
[Round "1"]
[White "Bohnstorff, Michael"]
[Black "Grunwald, Guenther"]
[Result "1-0"]
[WhiteElo "2044"]
[BlackElo "1686"]
[PlyCount "55"]
[EventDate "2015.02.27"]
[EventType "swiss"]
[EventRounds "9"]
[EventCountry "GER"]
[SourceTitle "CBM 165 Extra"]
[Source "ChessBase"]
[SourceDate "2015.04.21"]
[SourceVersion "1"]
[SourceVersionDate "2015.04.21"]
[SourceQuality "1"]

1. d4 d5 2. c3 e6 3. Bf4 c5 4. e3 Nc6 5. Nf3 Nf6 6. Ne5 Bd6 7. Bb5 Qc7 8. Nd2 0-0 9. Bxc6 bxc6 10. Qa4 Bb7 11. 0-0 Nh5 12. Qd1 Nxf4 13. exf4 f6 14. dxc5 Bxc5 15. Nd3 Bb6 16. Qg4 f5 17. Qe2 Qd6 18. Ne5 a5 19. Rfe1 Ba6 20. Qf3 c5 21. Rad1 Qc7 22. Qh3 d4 23. cxd4 Rad8 24. Ndf3 g6 25. Ng5 Rf6 26. dxc5 Rxd1 27. Rxd1 Bxc5 28. Nd7 1-0